Comparative evaluation of basin and drip systems of irrigation in rubber (Record no. 55923)

MARC details
000 -LEADER
fixed length control field 00990nam a2200205Ia 4500
100 ## - MAIN ENTRY--AUTHOR NAME
Personal name Jessy M D
245 #0 - TITLE STATEMENT
Title Comparative evaluation of basin and drip systems of irrigation in rubber
260 ## - PUBLICATION, DISTRIBUTION, ETC. (IMPRINT)
Name of publisher Indian Journal of Natural Rubber Research
Year of publication 1994
300 ## - PHYSICAL DESCRIPTION
Number of Pages 51-56
520 ## - SUMMARY, ETC.
Summary, etc An experiment was conducted in central Kerala to compare basin and drip systems of irrigation in rubber. Irrigation was given at two levels (30 per cent and 50 per cent of crop evapotranspiration) and the same quantity was applied in both basin and drip methods. Both methods showed wide variation with respect to root, salinity and moisture distribution. Irrigation enhanced the growth of rubber significantly, irrespective of the method.
650 ## - SUBJECT ADDED ENTRY--TOPICAL TERM
Topical Term Hevea brasiliensis
650 ## - SUBJECT ADDED ENTRY--TOPICAL TERM
Topical Term Irrigation system
650 ## - SUBJECT ADDED ENTRY--TOPICAL TERM
Topical Term Kerala
650 ## - SUBJECT ADDED ENTRY--TOPICAL TERM
Topical Term Soil moisture
700 ## - ADDED ENTRY--PERSONAL NAME
Personal name Jacob Sarah
700 ## - ADDED ENTRY--PERSONAL NAME
Personal name Mathew M
700 ## - ADDED ENTRY--PERSONAL NAME
Personal name Punnoose K I
942 ## - ADDED ENTRY ELEMENTS (KOHA)
Koha item type Journals
Holdings
Withdrawn status Lost status Damaged status Not for loan Home library Current library Date acquired Serial Enumeration / chronology Koha item type
      Journals RRII Library RRII Library 17/12/2021 Volume 7, Issue 1 Journals